| 000 | 00857cam a22002777a 4500 | ||
|---|---|---|---|
| 003 | CHAP | ||
| 005 | 20220329140812.0 | ||
| 008 | 971013s r 00010 d | ||
| 010 | _a57859 | ||
| 011 | _a58831 | ||
| 035 | _a62987 | ||
| 040 | _cCHAP | ||
| 090 | _aR-1423 | ||
| 100 | 0 | 0 |
_aSmirnoff, Wladimir A. _9106929 |
| 245 | 1 | 3 | _aLa lutte aux insectses nuisibles á l' aide de virose |
| 500 | _aSobretiro de : Ann. Soc. Entomologique du Québec. 9 : 43-53, 1964 | ||
| 590 |
_aBATCH-UPD _b10 _c20130110 _lUCH01 _h0417 |
||
| 590 |
_aBATCH-UPD _b10 _c20130410 _lUCH01 _h0052 |
||
| 590 |
_aBATCH-UPD _b10 _c20130914 _lUCH01 _h1045 |
||
| 590 |
_aCONVERSION _b10 _c20130109 _lUCH01 _h1331 |
||
| 650 | 1 | 4 |
_aControl biológico de insectos. _927582 |
| 650 | 1 | 4 |
_aVirus. _9119936 |
| 901 | _aBK | ||
| 942 | _cREIMP | ||
| 949 |
_aR-1423 _bBC _cR _d-135171 _eTS1 _i62987 _si |
||
| 999 |
_c57859 _d57859 |
||